<?xml version="1.0" encoding="UTF-8"?><?xml-stylesheet type="text/xsl" href="static/style.xsl"?><OAI-PMH xmlns="http://www.openarchives.org/OAI/2.0/" xmlns:xsi="http://www.w3.org/2001/XMLSchema-instance" xsi:schemaLocation="http://www.openarchives.org/OAI/2.0/ http://www.openarchives.org/OAI/2.0/OAI-PMH.xsd"><responseDate>2026-04-17T17:20:17Z</responseDate><request verb="GetRecord" identifier="oai:www.recercat.cat:10230/45616" metadataPrefix="marc">https://recercat.cat/oai/request</request><GetRecord><record><header><identifier>oai:recercat.cat:10230/45616</identifier><datestamp>2025-12-18T01:24:37Z</datestamp><setSpec>com_2072_6</setSpec><setSpec>col_2072_452952</setSpec></header><metadata><record xmlns="http://www.loc.gov/MARC21/slim" xmlns:dcterms="http://purl.org/dc/terms/" xmlns:xsi="http://www.w3.org/2001/XMLSchema-instance" xmlns:doc="http://www.lyncode.com/xoai" xsi:schemaLocation="http://www.loc.gov/MARC21/slim http://www.loc.gov/standards/marcxml/schema/MARC21slim.xsd">
   <leader>00925njm 22002777a 4500</leader>
   <datafield ind2=" " ind1=" " tag="042">
      <subfield code="a">dc</subfield>
   </datafield>
   <datafield ind2=" " ind1=" " tag="720">
      <subfield code="a">Pineda, Anna</subfield>
      <subfield code="e">author</subfield>
   </datafield>
   <datafield ind2=" " ind1=" " tag="720">
      <subfield code="a">Berro, Ane</subfield>
      <subfield code="e">author</subfield>
   </datafield>
   <datafield ind2=" " ind1=" " tag="260">
      <subfield code="c">2020-10-29T09:27:29Z</subfield>
   </datafield>
   <datafield ind2=" " ind1=" " tag="260">
      <subfield code="c">2020-10-29T09:27:29Z</subfield>
   </datafield>
   <datafield ind2=" " ind1=" " tag="260">
      <subfield code="c">2020</subfield>
   </datafield>
   <datafield ind2=" " ind1=" " tag="520">
      <subfield code="a">This paper deals with a group of agentive verbs in Eastern dialects of Basque that show mixed unergative and unaccusative properties. Although they pattern with unergatives in certain aspects, they combine with an absolutive subject and the auxiliary ‘be’, contrary to what one would expect for Basque unergative verbs. Additionally, they behave like unaccusatives in a number of other tests, such as in their inability to take cognate objects and in allowing partitive subjects. The analysis put forward in this paper accounts for the hybrid nature of these verbs. In particular, we claim that their subject is introduced in the specifier of vP, and that it is co-indexed with a thematic but non-pronounced argument of Voice. As a consequence, the subject shows both external and internal properties. This paper thus challenges the mutually exclusive external/internal division of the subject in intransitive verbs and argues that intransitive verbs can be classified into more groups than just two, as also argued elsewhere. Additionally, it argues that the different types of intransitive verbs are grammatically encoded and shaped by different versions of Voice and v. Thus, this analysis assumes the typology of Voice proposed by Schäfer (2008) and developed by Alexiadou, Anagnostopoulou and Schäfer (2015), and extends it to the functional head v.</subfield>
   </datafield>
   <datafield ind2=" " ind1=" " tag="520">
      <subfield code="a">In the case of Anna Pineda, this work has been supported by a postdoctoral research fellowship from the Beatriu de Pinós program of Catalonia’s Department of Economy and Knowledge (2014 BP_A 00165), a Juan de la Cierva-Incorporación fellowship from Spain’s Ministry of Economy and Competitiveness (IJCI-2016-30474), and research-project funding from the same ministry (FFI2014-56968-C4-1-P).&#xd;
In the case of Ane Berro, the author acknowledges the research funding received from the Basque Government (IT1169-19), the Spanish Ministry of Science, Innovation and Universities (PGC2018-096380-B-I00) and Agence National de la Recherche (ANR-17-CE27-0011-01).</subfield>
   </datafield>
   <datafield tag="653" ind2=" " ind1=" ">
      <subfield code="a">Intransitive</subfield>
   </datafield>
   <datafield tag="653" ind2=" " ind1=" ">
      <subfield code="a">Unergative</subfield>
   </datafield>
   <datafield tag="653" ind2=" " ind1=" ">
      <subfield code="a">Unaccusative</subfield>
   </datafield>
   <datafield tag="653" ind2=" " ind1=" ">
      <subfield code="a">Voice</subfield>
   </datafield>
   <datafield tag="653" ind2=" " ind1=" ">
      <subfield code="a">Basque</subfield>
   </datafield>
   <datafield ind2="0" ind1="0" tag="245">
      <subfield code="a">Hybrid intransitives in Basque</subfield>
   </datafield>
</record></metadata></record></GetRecord></OAI-PMH>